Datum a čas kvízu
39.5
Celkem bodů
Celkový počet nahraných bodů na tomto kvízu bez doplňovacích otázek.
2.
Pořadí na kvízu
Konečné umístění týmu na tomto kvízu.
Zaznamenané odpovědi
| # | Otázka | Odpověď | Body | Výsledky |
|---|---|---|---|---|
| 1. | V pondělí byla v Praze na Lete... | ruská zneškodněná vojenská technika | 1 | |
| 2. | Nejvyšší unijní soud se postav... | sýr feta | 1 | |
| 3. | Ve středu vystoupila v pražské... | Kiss | 1 | |
| 4. | Ve středu nám noční obloha nab... | superúplněk (superměsíc) | 1 | |
| 5. | FC Baník Ostrava slaví 100. vý... | Celtic Glasgow | 1 | |
| 6. | V tomto tématu navážeme na náš... | Agent Orange, Spolana Neratovice | 1 | |
| 7. | Parovodní destilací nebo naklá... | neroli | 0 | |
| 8. | Vlajka na obrázku byla poprvé... | buddhismu | 0 | |
| 9. | Poznáte podle obrázku, o který... | Orange Is the New Black (Holky za mřížemi), Netflix | 1 | |
| 10. | Francouzská módní značka, její... | Hermès | 1 |